| 000 | 00636nam a2200253Ia 4500 | ||
|---|---|---|---|
| 001 | 1439 | ||
| 003 | GE_BSU | ||
| 008 | 181216s||||||||xx |||||||||||||| ||und|| | ||
| 020 | _a9780470044728 | ||
| 040 | _cGE_BSU | ||
| 080 | _a530 | ||
| 100 | _aHalliday,David.Resnick,Robert.Yearl,Walker. | ||
| 245 | _aFundamentals of physics. | ||
| 250 | _a8th edition. | ||
| 260 | _aHoboken, NJ | ||
| 260 | _bWiley | ||
| 260 | _c2008 | ||
| 300 | _a1076p;28cm,ill. | ||
| 541 | _h70GEL. | ||
| 653 | _aFundamentals of physics | ||
| 653 | _aფიზიკა | ||
| 653 | _aფიზიკის საფუძვლები | ||
| 942 | _cBK | ||
| 999 |
_c35577 _d35577 |
||